| 000 | 01586cab a2200205 4500 | ||
|---|---|---|---|
| 001 | L130465 | ||
| 008 | 050801n2005 000 0 eng u | ||
| 035 | _a(Sirsi) u130465 | ||
| 041 | _aeng | ||
| 245 | _aCIB Properties Ltd v Birse Construction Ltd | ||
| 260 | _c2005 | ||
| 490 |
_aWeekly Law Reports _v[2005] 1 WLR 2252-5981(30) |
||
| 520 | _a[2004] EWHC 2365 (TCC), 19 October 2004. Building - contract - adjudication - construction contract terminated - claimant (C) demanding payment of sums allegedly due under contract - defendant (B) not paying - C making reference to adjudication - whether dispute in existence at date of reference capable of being referred to adjudication - complex issues for determination - adjudicator extending time limits in accordance with statutory provisions - adjudicator making decision in C's favour - whether fair and impartial decision possible - whether achieved - whether alleged slip in decision amenable to correction - whether decision to be enforced. "Held": dispute was in existence at time of referral - that the decision had been fair and impartial - the adjudicator's decision would be enforced as it stood. | ||
| 650 | _aHOUSING GRANTS, CONSTRUCTION AND REGENERATION ACT 1996 | ||
| 650 | _aCIB PROPERTIES LTD V BIRSE CONSTRUCTION LTD | ||
| 650 | _aHALKI SHIPPING CORPORATION V SOPEX OILS LTD | ||
| 650 | _aBOUYGUES UK LTD V DAHL-JENSEN UK LTD | ||
| 690 | _aMANAGEMENT-DISPUTE AVOIDANCE, MANAGEMENT AND RESOLUTION-DISPUTE MANAGEMENT AND RESOLUTION-ALTERNATIVE DISPUTE RESOLUTION-ADJUDICATION-ADJUDICATION AWARDS | ||
| 942 | _n0 | ||
| 999 |
_c75635 _d75635 |
||